<?xml version="1.0" encoding="UTF-8"?>
<record
    xmlns:xsi="http://www.w3.org/2001/XMLSchema-instance"
    xsi:schemaLocation="http://www.loc.gov/MARC21/slim http://www.loc.gov/standards/marcxml/schema/MARC21slim.xsd"
    xmlns="http://www.loc.gov/MARC21/slim">

  <leader>00319    a2200109   4500</leader>
  <controlfield tag="001">ART_35051</controlfield>
  <controlfield tag="005">20260410161941.0</controlfield>
  <controlfield tag="008">260409a                                 </controlfield>
  <datafield tag="245" ind1="1" ind2="0">
    <subfield code="a">La titularidad del derecho de huelga</subfield>
  </datafield>
  <datafield tag="100" ind1="1" ind2=" ">
    <subfield code="a">Cremonte, Mat&#xED;as</subfield>
  </datafield>
  <datafield tag="773" ind1="0" ind2=" ">
    <subfield code="t">Temas de derecho laboral</subfield>
    <subfield code="g">- N&#xBA; 11 (nov. 2015)</subfield>
    <subfield code="w">REV27619</subfield>
  </datafield>
  <datafield tag="999" ind1=" " ind2=" ">
    <subfield code="c">29553</subfield>
    <subfield code="d">29553</subfield>
  </datafield>
</record>
